000 00552nam a2200241 a 4500
001 nice12345678
003 IN_TiNIC
005 20260116012624.0
008 050524s1986 hyda grp 000 0 per
020 _a
_c20
082 0 0 _a891.43
_bMOH
100 _aMohan, K R K
245 _aRaoshan Saaye
260 _aHyderabad
_bUrdu Academy, A.P
_c1986
300 _a143p
500 _aincludes index and biblioraphy
505 2 _aIndex
650 _aUrdu-Fiction
700 1 _aMohan, K R K
902 _bSRS
942 _cBK
999 _c7705
_d7705